The Eerdmans dictionary of early Judaism / (Record no. 9324)

MARC details
000 -LEADER
fixed length control field 02875cam a2200397 i 4500
001 - CONTROL NUMBER
control field 368046327
003 - CONTROL NUMBER IDENTIFIER
control field OCoLC
005 - DATE AND TIME OF LATEST TRANSACTION
control field 20241126110709.0
008 - FIXED-LENGTH DATA ELEMENTS--GENERAL INFORMATION
fixed length control field 100902s2010 miuab bd 000 0 eng
010 ## -
-- 2010037935
020 ## - INTERNATIONAL STANDARD BOOK NUMBER
International Standard Book Number 9780802825490
020 ## - INTERNATIONAL STANDARD BOOK NUMBER
International Standard Book Number 0802825494
020 ## - INTERNATIONAL STANDARD BOOK NUMBER
Canceled/invalid ISBN 9781467466097
Qualifying information (ebook)
020 ## - INTERNATIONAL STANDARD BOOK NUMBER
Canceled/invalid ISBN 1467466093
Qualifying information (ebook)
024 3# -
-- 9780802825490
035 ## - SYSTEM CONTROL NUMBER
System control number (OCoLC)368046327
Canceled/invalid control number (OCoLC)871637245
-- (OCoLC)1006285516
-- (OCoLC)1029088671
-- (OCoLC)1037422858
-- (OCoLC)1055937304
-- (OCoLC)1056832533
-- (OCoLC)1088323810
-- (OCoLC)1089007631
-- (OCoLC)1090020397
-- (OCoLC)1090475957
-- (OCoLC)1096527064
-- (OCoLC)1099349888
-- (OCoLC)1100012958
-- (OCoLC)1100997239
-- (OCoLC)1124502297
-- (OCoLC)1156790892
-- (OCoLC)1262020710
040 ## - CATALOGING SOURCE
Original cataloging agency DLC
Language of cataloging eng
Transcribing agency DLC
Modifying agency YDX
-- BTCTA
-- YDXCP
-- EMT
-- LNT
-- CDX
-- NNG
-- UKMGB
-- DEBSZ
-- BDX
-- ITC
-- MNJ
-- CHVBK
-- OCLCF
-- S3O
-- OCL
-- NZABT
-- OCLCO
-- SHM
-- OCLCA
-- OCLCQ
-- IXA
-- GILDS
-- EUM
-- EXG
-- OCLCO
-- KAT
-- IL4J6
-- OCLCO
050 00 -
-- BM176
-- .E34 2010
072 #7 - SUBJECT CATEGORY CODE
Subject category code REL
Source eflch
082 00 - DEWEY DECIMAL CLASSIFICATION NUMBER
Classification number 296.090103
Edition information 22
Item number EER
245 04 - TITLE STATEMENT
Title The Eerdmans dictionary of early Judaism /
Statement of responsibility, etc. edited by John J. Collins and Daniel C. Harlow.
246 30 -
-- Dictionary of early Judaism
260 ## - PUBLICATION, DISTRIBUTION, ETC.
Place of publication, distribution, etc. Grand Rapids, Mich. :
Name of publisher, distributor, etc. William B. Eerdmans,
Date of publication, distribution, etc. 2010.
300 ## - PHYSICAL DESCRIPTION
Extent xxxvii, 1360 pages :
Other physical details illustrations, maps ;
Dimensions 26 cm
336 ## - CONTENT TYPE
Content type term text
Content type code txt
Source rdacontent
337 ## - MEDIA TYPE
Media type term unmediated
Media type code n
Source rdamedia
338 ## - CARRIER TYPE
Carrier type term volume
Carrier type code nc
Source rdacarrier
504 ## - BIBLIOGRAPHY, ETC. NOTE
Bibliography, etc. note Includes bibliographical references.
505 0# - FORMATTED CONTENTS NOTE
Formatted contents note Essays. Early Judaism in modern scholarship / John J. Collins -- Jewish history from Alexander to Hadrian / Chris Seeman and Adam Kolman Marshak -- Judaism in the land of Israel / James C. VanderKam -- Judaism in the diaspora / Erich S. Gruen -- The Jewish scriptures : texts, versions, canons / Eugene Ulrich -- Early Jewish biblical interpretation / James L. Kugel -- Apocrypha and pseudepigrapha / Loren T. Stuckenbruck -- Dead Sea scrolls / Eibert Tigchelaar -- Early Jewish literature written in Greek / Katell Berthelot -- Archaeology, papyri, and inscriptions / Jurgen K. Zangenberg -- Jews among Greeks and Romans / Miriam Pucci Ben Zeev -- Early Judaism and early Christianity / Daniel C. Harlow -- Early Judaism and rabbinic Judaism / Lawrence H. Schiffman -- Dictionary entries A-Z.
520 0# - SUMMARY, ETC.
Summary, etc. Collins (Old Testament criticism and interpretation, Yale Divinity School) and Harlow (religion, Calvin College, Grand Rapids, MI) along with many contributors, investigate the Second Temple period in the development of Judaism from the fourth century BCE to the second century CE.
650 #0 - SUBJECT ADDED ENTRY--TOPICAL TERM
Topical term or geographic name entry element Judaism
General subdivision History
Chronological subdivision Post-exilic period, 586 B.C.-210 A.D.
Form subdivision Dictionaries.
9 (RLIN) 16248
650 #0 - SUBJECT ADDED ENTRY--TOPICAL TERM
Topical term or geographic name entry element Jews
General subdivision History
Chronological subdivision 586 B.C.-70 A.D.
Form subdivision Dictionaries.
9 (RLIN) 16249
700 1# - ADDED ENTRY--PERSONAL NAME
Personal name Collins, John J.
Fuller form of name (John Joseph),
Dates associated with a name 1946-
9 (RLIN) 14868
700 1# - ADDED ENTRY--PERSONAL NAME
Personal name Harlow, Daniel C.
9 (RLIN) 16250
942 ## - ADDED ENTRY ELEMENTS (KOHA)
Source of classification or shelving scheme Dewey Decimal Classification
Koha item type Reference Books
Holdings
Withdrawn status Lost status Source of classification or shelving scheme Damaged status Not for loan Home library Current Library Shelving location Date acquired Total checkouts Full call number Barcode Date last seen Copy number Price effective from Koha item type
    Dewey Decimal Classification     GRACE BIBLE COLLEGE GRACE BIBLE COLLEGE Dictionary 2022-10-07   296.090103 EER 015797 2025-05-01 c.1 2022-10-07 Reference Books
© Grace Bible College Library 2025